| 000 | 00524nam a22001817a 4500 | ||
|---|---|---|---|
| 003 | CEME | ||
| 005 | 20210628203422.0 | ||
| 008 | 210118b xxu||||| |||| 00| 0 eng d | ||
| 020 | _a0078250900 | ||
| 040 | _cceme | ||
| 082 | _a671.35 FIT | ||
| 100 |
_aFitzpatrick, Michael _963958 |
||
| 245 | _aMachining and cng technology | ||
| 260 |
_aUSA _bMCGRAW HILL _c2005 |
||
| 300 | _aXVIII,1070 P | ||
| 650 |
_aMACHINIG- HANDBOOK ,MANUALS ETC,MACHINE TOOLS NUMERICAL CONTROL HANDBOOKS, MANUALS ETC, _963959 |
||
| 942 |
_cBK _2ddc |
||
| 999 |
_c573571 _d573571 |
||